00313nam a2200121 a 4500008004100000050002100041100002200062245003200084246002200116260003000138300001400168350000900182120416s1975 ||||||||||||||||| || u aHF 5549.5.T7 Far aFarnsworth, Terry10aDeveloping executive talent aa practical guide aLondonbMcGraw-Hillc1975 aix, 161p. a0.00